000 00448nam a2200145Ia 4500
008 200619s9999 xx 000 0 und d
020 _a9812-53-278-1
100 _aJones, Thomas J.A.
245 _cThomas J.A. Jones.--
_aProfessional management of housekeeping operations/
250 _a5th ed.
260 _aNew Jersey:
_bJohn Wiley & Sons, Inc.
_c2007
300 _a477 pages
500 _aIncludes Appendix, and Index
650 _aHousekeeping
999 _c363767
_d363767